• 首页
  • 本馆介绍
  • 公告通知
  • 最新文献
  • 馆藏检索
  • 电子资源
  • 读者导购
  • 参考咨询
  • 我的图书馆
  • 登录
  • 详细信息显示
  • 放入我的书架
  • 预约/预借图书
  • 作者相关作品
  • 分类相关作品
  • 丛书相关作品
  • 出版社相关作品

书目信息

  • 表格格式
  • 工作单格式
  • 卡片格式
题名:
药物学药理学教学目标与达标检测
    
 
作者: 叶象权
分册:  
出版信息: 广州   广东人民出版社  1995.08
页数: 241页
开本: 16开
丛书名:
单 册:
中图分类: R9-44
科图分类:
主题词: 药物学
电子资源:
ISBN: 7-218-01666-9
000 00564nam0 2200181 45
001 9911301546
005 19991130153354.4
010    @a7-218-01666-9@d12.00
100    @a19991130d1995 km y0chiy0120 ea
101    @achi
105    @a z 000yy
200 1  @a药物学药理学教学目标与达标检测@AYao Wu Xue Yao Li Xue Jiao Xue Mu Biao Yu Da Biao Jian Ce@f叶象权@FYe Xiang Quan
210    @a广州@c广东人民出版社@d1995.08
215    @a241页@c无图表@d16开
606 0  @a药物学
690    @aR9-44@v3
801    @aCN@bPerfectUser@c19991130
905    @aBZT@b46271-285@f15@dR9-44@e1
    
    药物学药理学教学目标与达标检测/叶象权.-广州:广东人民出版社,1995.08
    241页:无图表;16开
    
    
    ISBN 7-218-01666-9:12.00
    
●
相关链接 在五车中查询图书 在当当中查询图书 在豆瓣中查询图书


正题名:药物学药理学教学目标与达标检测     索取号:R9-44/1         预约/预借

序号 登录号 条形码 馆藏地/架位号 状态 备注
1 46211   200555416   中心书库中库/ 中库015架A面2列5层17/ [索取号:R9-44/1] 在馆    
2 46271   200555194   中心书库中库/ 中库015架A面2列5层2/ [索取号:R9-44/1] 在馆    
3 46272   200555461   中心书库中库/ 中库015架A面2列5层4/ [索取号:R9-44/1] 在馆    
4 46273   200555425   中心书库中库/ 中库015架A面2列5层19/ [索取号:R9-44/1] 在馆    
5 46274   200555210   中心书库中库/ 中库015架A面2列5层20/ [索取号:R9-44/1] 在馆    
6 46275   200555452   中心书库中库/ 中库015架A面2列5层16/ [索取号:R9-44/1] 在馆    
7 46276   200555489   中心书库中库/ 中库015架A面2列5层3/ [索取号:R9-44/1] 在馆    
8 46279   200555327   中心书库中库/ 中库015架A面2列5层18/ [索取号:R9-44/1] 在馆    
9 46280   200555407   中心书库中库/ 中库015架A面2列5层7/ [索取号:R9-44/1] 在馆    
10 46281   200555470   中心书库中库/ 中库015架A面2列5层21/ [索取号:R9-44/1] 在馆    
11 46282   200555443   中心书库中库/ 中库015架A面2列5层15/ [索取号:R9-44/1] 在馆    
12 46283   200555176   中心书库中库/ 中库015架A面2列5层5/ [索取号:R9-44/1] 在馆    
13 46284   200555229   中心书库中库/ 中库015架A面2列5层6/ [索取号:R9-44/1] 在馆    
14 46285   200555434   中心书库中库/ 中库015架A面2列7层23/ [索取号:R9-44/1] 在馆    
山东省滨州职业学院图书馆 欢迎您!
大连网信软件有限公司© 版权所有